000 00447nam a2200181Ia 4500
008 100917s9999 xx 000 0 und d
082 _b60811
100 _aगायकवाड बाबुराव
245 _aझळ
260 _bसुरेश राऊत
_c1980
300 _a74
365 _b8
520 _aकादंबरी
630 _aझळ
650 _aकादंबरी
730 _aझळ
942 _cBOOK
999 _c666205
_d666202